• 首页
  • 本馆介绍
  • 公告通知
  • 最新文献
  • 馆藏检索
  • 电子资源
  • 读者导购
  • 参考咨询
  • 我的图书馆
  • 登录
  • 详细信息显示
  • 放入我的书架
  • 预约/预借图书
  • 作者相关作品
  • 分类相关作品
  • 丛书相关作品
  • 出版社相关作品

书目信息

  • 表格格式
  • 工作单格式
  • 卡片格式
题名:
化学
    
 
作者: ;高等教育部中等专业教育司 编
分册:  
出版信息: 北京   高等教育出版社  1956
页数: 195页
开本: 20cm
丛书名: 中等专业学校教科书
单 册:
中图分类: O6-43
科图分类:
主题词: 化学
电子资源:
ISBN:
000 00726nam0 2200241 450
001 0662508486
005 20060801172456.48
010    @dCNY0.53
100    @a20060801d1956 km y0chiy0120 ea
101 0  @achi
102    @aCN@b110000
102    @aCN@b110000
200 1  @a化学@Ahua xue@f高等教育部中等专业教育司编@Fgao deng jiao yu bu zhong deng zhuan ye jiao yu si bian
205    @a2版
210    @a北京@c高等教育出版社@d1956
215    @a195页@d20cm
225    @a中等专业学校教科书
410  0 @12001 @a中等专业学校教科书
606 0  @a化学
690    @aO6-43@v3
711  0 @a高等教育部中等专业教育司@Agao deng jiao yu bu zhong deng zhuan ye jiao yu si@4编
801  0 @aCN@bPFT@c20060801
905    @a10447@dO6-43@e341=2
    
    化学/高等教育部中等专业教育司编.-2版.-北京:高等教育出版社,1956
    195页;20cm.-(中等专业学校教科书)
    
    
    ISBN :CNY0.53
    
●
相关链接 在E读中查询图书 在五车中查询图书 在当当中查询图书 在豆瓣中查询图书


正题名:化学     索取号:O6-43/341=2         预约/预借

序号 登录号 条形码 馆藏地/架位号 状态 备注
1 0434314   204343148   密集书库/ [索取号:O6-43/341=2] 在馆    
唐山师范学院图书馆 欢迎您!
大连网信软件有限公司© 版权所有